[Event "Turin Elo op"]
[Site "Turin"]
[Date "2009.01.??"]
[Round "4"]
[White "Bovero, Ezio"]
[Black "Reggio, Davide"]
[Result "0-1"]
[WhiteElo "1425"]
[BlackElo "1497"]
[PlyCount "120"]
[EventDate "2009.01.19"]
[EventType "swiss"]
[EventRounds "9"]
[EventCountry "ITA"]
[SourceTitle "EXT 2011"]
[Source "ChessBase"]
[SourceDate "2010.11.26"]
[SourceVersion "1"]
[SourceVersionDate "2010.11.26"]
[SourceQuality "1"]

1. Nf3 d6 2. d4 Nf6 3. c4 g6 4. Nc3 Bg7 5. e4 0-0 6. h3 Nbd7 7. Be2 Re8 8. Be3 e5 9. d5 Qe7 10. 0-0 c6 11. Rc1 cxd5 12. cxd5 b6 13. b4 Bb7 14. Qd2 Rac8 15. Nb5 Nxe4 16. Qd3 f5 17. Nxa7 Rxc1 18. Rxc1 Ra8 19. Nc6 Qf7 20. Qb5 Rxa2 21. Bc4 Ba6 22. Qxa6 Rxa6 23. Bxa6 Nef6 24. Ng5 Qe8 25. Ne6 Nxd5 26. Ncd8 Bf6 27. Bg5 Bxg5 28. Nxg5 Qxd8 29. Rc8 Qxc8 30. Bxc8 N7f6 31. Be6+ Kg7 32. Nf7 Nxb4 33. Nxd6 Nc2 34. f3 Kf8 35. Nc4 Ke7 36. Bc8 Nd7 37. Bxd7 Kxd7 38. Nxe5+ Ke6 39. Nc4 b5 40. Nb2 Ke5 41. Kf2 Kd4 42. Ke2 b4 43. Kd2 b3 44. g3 Ne3 45. g4 Nc4+ 46. Kc1 Nxb2 47. Kxb2 fxg4 48. fxg4 Kc4 49. h4 Kb4 50. h5 g5 51. h6 Kc4 52. Kb1 Kd3 53. Kb2 Ke4 54. Kxb3 Kf4 55. Kc3 Kxg4 56. Kd2 Kh5 57. Ke3 Kxh6 58. Kf3 Kg6 59. Kg4 h5+ 60. Kg3 Kf5 0-1

[Event "Turin FreeTUR op"]
[Site "Turin"]
[Date "2007.11.06"]
[Round "1"]
[White "Angioni, Gian Carlo"]
[Black "Bovero, Ezio"]
[Result "1-0"]
[WhiteElo "1811"]
[BlackElo "1452"]
[PlyCount "37"]
[EventDate "2007.11.06"]
[EventType "swiss"]
[EventRounds "6"]
[EventCountry "ITA"]
[SourceTitle "EXT 2010"]
[Source "ChessBase"]
[SourceDate "2010.11.25"]
[SourceVersion "1"]
[SourceVersionDate "2010.11.25"]
[SourceQuality "1"]

1. e4 e6 2. d4 Nf6 3. Bd3 Nc6 4. Nf3 Be7 5. c3 b6 6. 0-0 Bb7 7. Qe2 d5 8. e5 Nd7 9. Be3 h6 10. Nfd2 Nf8 11. f4 Qd7 12. b4 0-0-0 13. a4 Nb8 14. a5 Qe8 15. axb6 cxb6 16. Rxa7 Nc6 17. Bb5 Nd7 18. Bxc6 Bxc6 19. Qa6+ 1-0